| 000 | 01010nam a2200301 4500 | ||
|---|---|---|---|
| 001 | 0000016245 | ||
| 003 | CO-CtgCURN | ||
| 005 | 20250429224117.0 | ||
| 007 | ta | ||
| 008 | 160627s1988 000 0 eng d | ||
| 020 | _a9682428270 | ||
| 040 |
_aCO-CtgCURN _bspa _ccoctgcurn |
||
| 082 | 0 |
_a350 _bQ840 |
|
| 100 | 1 | _aQuiroga Leos, Gustavo. | |
| 245 | 1 | 0 |
_aOrganizacion y metodos en la Administración publica / _cGustavo Quiroga Leos. |
| 250 | _a2a ed. | ||
| 260 |
_aMexico : _bTrillas, _c1988. |
||
| 300 | _a304 p. | ||
| 336 | _2rdacontent | ||
| 337 |
_2rdamedia _asin mediacion _bn |
||
| 338 |
_2rdacarrier _avolumen _bnc |
||
| 500 | _aIncluye indice. | ||
| 505 | 8 | _aEl marco general de la funcion de organizacion y metodo en la Administración publica.--Las unidades de organizacion y metodo.--Los manuales administrativos | |
| 650 | 1 | 4 | _aAdministración pública. |
| 908 | _a160627 | ||
| 942 |
_cBK _h350 _iQ840 _2ddc |
||
| 999 |
_c39296 _d39296 |
||